000 00570nam a2200181Ia 4500
008 090201s9999 xx 000 0 und d
010 _aKPL-67623
040 _bमराठी
041 _aमराठी
082 _a45074
_b67623
100 _aचि वि जोशी
245 _aविनोद चिन्तामणि
_cचि वि जोशी
250 _a2
260 _c2005
_bकॉन्टीनेंटल प्रकाशन
300 _a74
_bमोठा
600 _aविनोद चिन्तामणि
942 _cBOOK
999 _c242043
_d242043